000 00312nam a22001337a 4500
008 171027b xxu||||| |||| 00| 0 eng d
020 _a2900324568195
041 _aeng
080 _29 ED
_a336
100 _a55
101 _aMEN
245 _aINTERNATIONAL FINANCIAL MANAGEMENT
_cMADURA.J
942 _2udc
_cBK
999 _c36010
_d36010